000 01365njm a2200277Ia 4500
001 66272
003 IT-RoPAU
005 20220918181121.0
008 131025s9999 xx 000 0 und d
040 _aIT-RoPAU
040 _cIT-RoPAU
999 _c99768
_d99768
999 _bn.d.
100 _aAA.VV.
_9794
100 _eAutore musica
_923664
100 _gCodice autore musica SPICS: 12000
_9796
245 _aEffetti sonori vol. 05
250 _a1a ed.
260 _aMILANO
260 _bSCIASCIA
_c1974 [1a Ed.:1974 - Ed. Lingua Orig.: 1974]
300 _aDISCO
300 _c28 minuti (Testo: pag.)
500 _aModerna collezione di effetti sonori per uso industriale, radio, tv, cinema, teatro, pubblicitĂ  e cineamatori.
505 _aCavalli passaggio sul selciato e in curva sulla ghiaia - Jet 707 decollo - Jet 727 decollo - Aerei supersonici Blues Angels (decollo) - Cantiere edile - Albero (caduta) - Tuoni e pioggia - Sintetizzatore effetto di fuga - Effetto elettronico - Ping pong (partita di una coppia che parla inglese) - Motocicletta su circuito - Macchine sportive su una curva - Passi sulla ghiaia (avviamento auto retromarcia) - Passi in cerchio - Passi di corsa sulla ghiaia - Nave spaziale - Segheria - Elicottero - Fucile con eco di canyon - Fuochi d'artificio
650 _aRUMORI [DISCHI]
_eCodice MATERIA SPICS: 9950
_923665
942 _cMD
_2ddc